WWE and AEW Finishers by Technical Name - Statistics

General Stats
  • This quiz has been taken 1,103 times
    619 since last reset
  • The average score is 11 of 30
Answer Stats
Technical Name Answer % Correct
Jumping Cutter RKO
78%
One-legged Electric Chair Driver One-Winged Angel
76%
Running stomp to the back of a kneeling opponent's head Curb Stomp
74%
Kneeling Reverse Piledriver Tombstone Piledriver
60%
Sitout Powerbomb Batista Bomb
59%
Double Underhook Facebuster Pedigree
59%
Fireman's Cary Spin-Out Facebuster F-5
57%
Fireman's Carry into a kneeling Takeover or Slam Attitude Adjustment
54%
Slingshot Lariat Buckshot Lariat
54%
Running Back Elbow Judas Effect
50%
Double Underhook DDT Paradigm Shift
46%
Omoplata Crossface Yes Lock
44%
Running Bicycle Kick Brogue Kick
43%
Rolling Cutter Cross Rhodes
41%
Springboard Diving Forearm Smash Phenomenal Forearm
40%
Tiger Feint Kick; transitioned into splashes 619
38%
Double Springboard Cutter (singles wrestler) Cody Cutter
34%
Slingshot Springboard Aided Double Kneeling Reverse Piledriver Meltzer Driver
31%
Swinging Reverse STO Sister Abigail
31%
540 Degrees Roundhouse Kick Trouble in Paradise
28%
Jumping Reverse Bulldog Zig Zag
24%
Over-the-Shoulder Cutter and Diving DDT combination Midnight Hour
18%
Belly-to-Back Mat Slam Styles Clash
16%
Fall-Forward Side Slam Rock Bottom
14%
Over-the-Shoulder Cutter Big Ending
13%
Double Wristlock into Inverted Double Underhook Facebuster Killswitch
12%
Double Diving Splash Superfly Splash
12%
Gory Special and Diving Somersault Cutter combination Fatality
7%
Cradle Belly-to-Back Inverted Mat Slam Neutralizer
7%
Gory Special spun into Knee Lift SCU Later
6%
No matching quizzes found
Score Distribution
Percent of People with Each Score
Percentile by Number Answered
Your Score History
You have not taken this quiz since the last reset